| 000 | 00561nam a2200193Ia 4500 | ||
|---|---|---|---|
| 003 | GCL | ||
| 008 | 140319s9999 xx 000 0 ara d | ||
| 040 |
_aGCL / _cGCL |
||
| 082 | 0 | 4 |
_a229.3 _bو ت |
| 100 | 1 | _aوحيد بن عبدالسلام بالى | |
| 245 | 1 | 0 |
_aتحصين السنا من الشيطان / _cوحيد بن عبدالسلام بالى |
| 260 |
_a[S.N] : _bمكتبة النابغين ، _c1991 |
||
| 300 | _a31 ص | ||
| 490 | _a | ||
| 650 | 0 | 4 | _aالاسلام |
| 650 | 0 | 4 | _aالدعاء |
| 650 | 0 | 4 | _aالاوردة |
| 942 |
_2ddc _cBK |
||
| 999 |
_c33583 _d33583 |
||